00465 2200193 4500001002100000005001500021008004100036020001800077035001900095041000600114082000800120090001400128100001600142245002300158260004000181300003000221500000600251650001400257INLIS00000000000498720241224113021241224||||||||| | ||| |||| ||  a979-184-717-9 0010-1224004987 a00 a610 a610 SET s0 aA. Setiawan00aSehat Awal Bahagia aJakartabMultazam Mulia Utamac2008 aiv, 60 hlm.; ilus.: 25 cm a1 0akesehatan